000 00755nam a2200241Ia 4500
003 OSt
005 20210423114950.0
008 210310s1988 ck gr 000 0 spa d
020 _a8482723014
040 _aCO-JMCR
_cCO-JMCR
041 0 _aspa
082 0 4 _a368.001 /
_bO771t
_223
100 1 _aOssa G. Efren,
_eautor
_925836
245 1 0 _aTeoría general del seguro :
_bla institución /
_cJ. Efren Ossa G.
260 _aBogotá :
_bTemis,
_c1988.
300 _a521 páginas ;
_c23 cm.
500 _aIncluye índice.
504 _aBibliografía : páginas 509-512.
505 0 _aAspectos técnicos. -- Riesgos y seguros. -- Aspectos políticos.
650 1 4 _aTeoría de seguros
_937092
650 1 4 _aRiesgo y seguro
_937093
942 _2ddc
_cBK
999 _c11555
_d11555